Normal view MARC view

Entry Personal Name

Number of records used in: 1

001 - CONTROL NUMBER

  • control field: 7557

003 - CONTROL NUMBER IDENTIFIER

  • control field: OSt

005 - DATE AND TIME OF LATEST TRANSACTION

  • control field: 20211028144144.0

008 - FIXED-LENGTH DATA ELEMENTS

  • fixed length control field: 211028|| aca||aabn | a|a d

040 ## - CATALOGING SOURCE

  • Original cataloging agency: OSt
  • Transcribing agency: OSt

100 ## - HEADING--PERSONAL NAME

  • Personal name: Jathanna, Slany; Harinakshi.
  • Miscellaneous information: 1416138

670 ## - SOURCE DATA FOUND

  • Source citation: Work cat.: (OSt): Jathanna, Slany; Harinakshi. 1416138, Study on consumer purchase behaviour with special reference to Harsha Udupi, 2016